000 00675nam a22002295a 4500
008 150816r20031996ii a ||fr 001 0 eng d
020 _a8125912193
040 _aEG-ScBUE
_beng
_cEG-ScBUE
082 0 4 _a620.11
_bBHA
_222
100 1 _aBhavikatti , S.S.
245 1 0 _aStrength of materials /
_cS.S. Bhavikatti.
250 _a2nd ed.
260 _aNew Delhi :
_bVikas Publishing House Pvt Ltd,
_c2003.
300 _a394 p. :
_bill. ;
_c24 cm.
500 _aIncludes index.
590 _amenna elamam
650 _aStrength of materials.
_2BUEsh
651 _2BUEsh
653 _bENGGEN
_cAugust2015
655 _vtext book
_933728
942 _cBB
_k620.11 BHA
_2ddc
999 _c5997
_d855